00654nam a2200205 a 45000010005000000030009000050080041000140200015000550400028000700820017000981000021001152450082001362500007002182600035002253000010002604900024002705050111002946500016004056500027004214021CO-ViMGA141112s2004 ck r 000 u spa d a9507010955 aCO-ViMGAbspacCO-ViMGA04a371.332 G4111 aGibaja, Regina E10aLa cultura de la escuela : bcreencias pedagógicas y estilos de enseñanza a2a aBuenos Aires : bAique, c1996 a115 p aEstrategias de aula aIntroduccion, las creencias pedagogicas de los maestros y su expresion en el aula, estilos de enseñanza.14aENSEÑANZA14aMETODOS DE ENSEÑANZA